Saptak kavya mein vyangya vidhan: (Record no. 226426)
[ view plain ]
| 000 -LEADER | |
|---|---|
| fixed length control field | 00876nam a22002177a 4500 |
| 005 - DATE AND TIME OF LATEST TRANSACTION | |
| control field | 20230125093100.0 |
| 008 - FIXED-LENGTH DATA ELEMENTS--GENERAL INFORMATION | |
| fixed length control field | 230125b ||||| |||| 00| 0 eng d |
| 020 ## - INTERNATIONAL STANDARD BOOK NUMBER | |
| International Standard Book Number | 8188573272 |
| 040 ## - CATALOGING SOURCE | |
| Transcribing agency | AL |
| 041 ## - LANGUAGE CODE | |
| Language code of text/sound track or separate title | hin |
| 082 ## - DEWEY DECIMAL CLASSIFICATION NUMBER | |
| Edition number | 23 |
| Classification number | H891.109 |
| Item number | MAHS |
| 100 ## - MAIN ENTRY--PERSONAL NAME | |
| Personal name | Girish Mahajan: गिरीश महाजन |
| 100 ## - MAIN ENTRY--PERSONAL NAME | |
| 9 (RLIN) | 69759 |
| 245 ## - TITLE STATEMENT | |
| Title | Saptak kavya mein vyangya vidhan: |
| Remainder of title | सप्तक काव्य में व्यंग्य विधान |
| 260 ## - PUBLICATION, DISTRIBUTION, ETC. | |
| Place of publication, distribution, etc. | Kanpur |
| Name of publisher, distributor, etc. | Chandralok Prakashan |
| Date of publication, distribution, etc. | 2005 |
| 300 ## - PHYSICAL DESCRIPTION | |
| Extent | 191p. |
| Other physical details | HB |
| Dimensions | 22x14cm. |
| 365 ## - TRADE PRICE | |
| Source of price type code | Hindi |
| Price type code | 1831 |
| Price amount | 255.00 |
| Currency code | ₹ |
| Unit of pricing | 300.00 |
| Price note | 15% |
| Price effective from | 11-12-2022 |
| 650 ## - SUBJECT ADDED ENTRY--TOPICAL TERM | |
| Topical term or geographic name entry element | Hindi Poetry Criticism: हिंदी कविता विमर्श |
| 9 (RLIN) | 69753 |
| 650 ## - SUBJECT ADDED ENTRY--TOPICAL TERM | |
| Topical term or geographic name entry element | Hindi Literature: हिंदी साहित्य |
| 9 (RLIN) | 69754 |
| 700 ## - ADDED ENTRY--PERSONAL NAME | |
| Personal name | MAHAJAN (Girish): महाजन (गिरीश) |
| 9 (RLIN) | 69755 |
| 942 ## - ADDED ENTRY ELEMENTS (KOHA) | |
| Source of classification or shelving scheme | Dewey Decimal Classification |
| Koha item type | Book |
| Withdrawn status | Lost status | Source of classification or shelving scheme | Damaged status | Not for loan | Collection code | Home library | Current library | Date acquired | Source of acquisition | Cost, normal purchase price | Total Checkouts | Full call number | Barcode | Date last seen | Cost, replacement price | Price effective from | Koha item type |
|---|---|---|---|---|---|---|---|---|---|---|---|---|---|---|---|---|---|
| Dewey Decimal Classification | Hindi | St Aloysius Library | St Aloysius Library | 01/23/2023 | Vidya Vihar Govind Nagar Kanpur 208006 | 255.00 | H891.109 MAHS | 076341 | 01/25/2023 | 300.00 | 01/25/2023 | Book |